000 00325nam a2200133 a 4500
001 4140
005 20140414131907.0
008 090218s19uu xx 00 eng d
050 _aER
_bB63 1990
100 _aOram, Hiawyn
245 _aA boy wants a dinosaur.
260 _aNew York :
_bScholastic ,
_c1990.
999 _c111017
_d111017